00580nam a22001695i 4500001000700000003000900007005001700016008004100033040002000074100002600094245008100120260007700201300004100278650002300319752003100342852003700373155501ES-MaACL20250804062750.0040721s1878 xxk |||| | eng d aCAM bspa cCAM1 aHodgson, Shadworth H.14aThe philosophy of reflection b: in three books / cby Shadworth H. Hodgson. aLondon : bLongmans, Green and Co., c1878 (fRobson and Sons, printers) a2 v. (VIII, 441 ; 312 p.) ; c24 cm.07aFilosofía2embne aGran Bretaña - cLondres aES-MaACLjF-99-100 z- Enc. tela